[Event "Olympiad"]
[Site "Bled SLO"]
[Date "2002.11.08"]
[Round "13"]
[White "Van Hoolandt,P"]
[Black "Merritt,M"]
[Result "1-0"]
[WhiteElo "2173"]
[BlackElo "2116"]

1.c4 b6 2.Nf3 Bb7 3.g3 f5 4.d4 e6 5.Bg2 Nf6 6.O-O Be7 7.Nc3 O-O 8.a3 a5 9.Qc2 Qc8
10.Bg5 Nc6 11.d5 Nd8 12.Nd4 Bc5 13.Nb3 Be7 14.Bxf6 Bxf6 15.e4 a4 16.Nd2 Bxc3
17.Qxc3 d6 18.f4 Ra5 19.b4 axb3 20.Nxb3 Ra4 21.Nd4 Ba6 22.dxe6 Rxc4 23.Qb3 Re8
24.e7 Nf7 25.Nxf5 g6 26.Ne3 Rc5 27.Rfe1 Bb7 28.Nd5 Bxd5 29.exd5 Qd7 30.Re6 Nh6
31.Bh3 Qb5 32.Qxb5 Rxb5 33.Rxg6+ hxg6 34.Bd7 Rxe7 35.Bxb5 Kg7 36.Rc1 Nf5
37.Kf2 Nd4 38.Bf1 Nb3 39.Rc3 Nc5 40.Re3 Ne4+ 41.Ke1 Kf6 42.Bd3 Nc3 43.Rxe7 Kxe7
44.Bc4 Nb1 45.Bd3 Nc3 46.Bc4 Kf6 47.g4 Nb1 48.a4 g5 49.fxg5+ Kxg5 50.h3 Nc3
51.Bb3 Kh4 52.Kd2 Ne4+ 53.Ke3 Ng5 54.Kf4 Nxh3+ 55.Kf5 Ng5 56.Bd1 Nh3 57.Kf6 Nf2
58.Be2 Ne4+ 59.Ke6 Nc3 60.Bf3 Nxa4 61.Kf6 Kg3 62.g5 Kxf3 63.g6 Ke4 64.g7 Kxd5
65.g8=Q+ Kc5 66.Qg1+ Kc6 67.Qg2+ Kb5 68.Qe2+ Ka5 69.Qd2+ Ka6 70.Qd5 c5 71.Ke6 Kb5
72.Qb3+ Ka5 73.Kxd6 b5 74.Qf7 Kb4 75.Qe7 Kb3 76.Qe3+ Kb4 77.Qd2+ Nc3 78.Kc6 Kc4
79.Qf4+ Kd3 80.Kxc5 Ne4+ 81.Kxb5 Nc3+ 82.Kc5 Ne4+ 83.Kd5 Nc3+ 84.Ke5 Kc2
85.Qc4 Kd2 86.Qd4+ Kc2 87.Qc4 Kd2 88.Kf4 Ne2+ 89.Kf3 Nc3 90.Qd4+ Kc2 91.Ke3 Nd1+
92.Ke2 Nc3+ 93.Ke1 Kb3 94.Kd2 Nb1+ 95.Kd3 Ka2 96.Qa4+ Kb2 97.Qb4+ Ka2 98.Ke4  1-0

[Event "14th Open"]
[Site "Leuven BEL"]
[Date "2002.11.11"]
[Round "7"]
[White "Claesen,P"]
[Black "Rusev,K"]
[Result "1/2-1/2"]
[WhiteElo "2396"]
[BlackElo "2297"]

1.c4 b6 2.g3 Bb7 3.Nf3 Bxf3 4.exf3 e6 5.d4 d5 6.Nc3 c6 7.f4 g6 8.cxd5 cxd5
9.Qa4+ Nd7 10.f5 gxf5 11.Bf4 Bh6 12.Bd6 Bf8 13.Bf4 Bh6 14.Bd6 Bf8 15.Be5 f6
16.Bf4 Kf7 17.Bb5 Nb8 18.Bxb8 Rxb8 19.Qxa7+ Ne7 20.O-O Ra8 21.Qb7 Rb8 22.Qa7 Ra8
23.Qb7 Rb8 24.Qd7 Qxd7 25.Bxd7 Rd8 26.Bb5 f4 27.Rfe1 Nf5 28.Rad1 h5 29.Bf1 h4
30.gxf4 Ng7 31.Bh3 f5 32.Kg2 Bd6 33.Kf3 Nh5 34.Ne2 b5 35.Rc1 Rc8 36.Ke3 Rhg8
37.Rc3 b4 38.Rxc8 Rxc8 39.Bg2 Ra8 40.Bf3 Nf6 41.Ra1 Nd7 42.Nc1 Nb6 43.b3 h3
44.Nd3 Rg8 45.Rc1 Ke7 46.Rc6 Na8 47.Ra6 Nc7 48.Rb6 Rg2 49.Nxb4 Rxh2 50.Nc6+ Kd7
51.Ne5+ Bxe5 52.fxe5 Rg2 53.Rd6+ Kc8 54.b4 Rg1 55.b5 Rb1 56.b6 Nb5 57.Rxe6 Re1+  1/2-1/2

[Event "TCh-FIN 2002-3"]
[Site "Finland FIN"]
[Date "2002.11.17"]
[Round "5"]
[White "Lehtinen,H"]
[Black "Karttunen,M"]
[Result "1-0"]
[WhiteElo "2338"]
[BlackElo "2434"]

1.c4 b6 2.Nc3 Bb7 3.e4 e6 4.Nge2 Nf6 5.d3 c5 6.g3 d5 7.exd5 exd5 8.Bg2 Qd7
9.Nf4 dxc4 10.dxc4 Bxg2 11.Nxg2 Qxd1+ 12.Nxd1 Nc6 13.O-O O-O-O 14.Nc3 Bd6
15.Nb5 Be7 16.Ne3 g6 17.b3 Rd7 18.Bb2 Rhd8 19.Nc3 Nb4 20.Rae1 Kb7 21.Re2 Rd2
22.Rfe1 Nd3 23.Rxd2 Nxe1 24.Re2 Nf3+ 25.Kg2 Nd4 26.Re1 Bd6 27.Nb5 Ne8 28.Bxd4 cxd4
29.Nf5 gxf5 30.Rxe8 Rd7 31.Nxd4 Bc5 32.Nf3 f6 33.Re6 Rf7 34.Nh4 f4 35.gxf4 Kc7
36.Kf3 Kd7 37.f5 Be7 38.Ng2 Rg7 39.h4 h5 40.Nf4 Rh7 41.Nd5 Rf7 42.Rxe7+ Rxe7
43.Nxe7 Kxe7 44.Ke4 Kd6 45.Kd4  1-0

[Event "40th Ann Open"]
[Site "Curacao AHO"]
[Date "2002.11.18"]
[Round "1"]
[White "Van Tol,L"]
[Black "Molander,R"]
[Result "1/2-1/2"]
[WhiteElo "1883"]
[BlackElo "2301"]

1.c4 b6 2.Nc3 Bb7 3.Nf3 Nf6 4.g3 e6 5.Bg2 Be7 6.d3 d5 7.cxd5 Nxd5 8.O-O O-O
9.e4 Nxc3 10.bxc3 Ba6 11.Ne1 Nd7 12.Be3 e5 13.Qa4 Bb7 14.d4 Bd6 15.Nd3 Qe7
16.dxe5 Nxe5 17.Nxe5 Bxe5 18.Rac1 Rfd8 19.Rfd1 Rxd1+ 20.Rxd1 Bxc3 21.Rd7 Qe8
22.f4 Rd8 23.Rxd8 Qxd8 24.Qxa7 Bd4 25.Kf2 Bc6 26.Qa3 Bc5 27.Qc1 Bxe3+ 28.Kxe3 Qa8
29.Bf1 Bxe4 30.Qxc7 Bd5 31.Qxb6 Bxa2 32.Bg2 Qe8+ 33.Kf2 Bc4 34.Bf1 Bxf1 35.Kxf1 g6
36.Qb2 Qe4 37.Kg1 h5 38.Qf6 Kf8 39.Qc3 Ke7 40.Qc7+ Ke6 41.Qc8+ Kf6 42.Qd8+ Kg7
43.Qd2 h4 44.gxh4 Kf6 45.Kf2 Kg7 46.Qe3 Qc2+ 47.Kg3 Qd1 48.Qe5+ Kg8 49.Qe8+ Kg7
50.Qe5+ Kg8 51.Qe3 Kg7 52.Qc3+  1/2-1/2

[Event "40th Ann Open"]
[Site "Curacao AHO"]
[Date "2002.11.23"]
[Round "5"]
[White "Van Tol,L"]
[Black "Mensing,F"]
[Result "0-1"]
[WhiteElo "1883"]
[BlackElo "2200"]

1.c4 b6 2.Nc3 Bb7 3.Nf3 e6 4.g3 f5 5.Bg2 Nf6 6.d3 Be7 7.Qc2 O-O 8.h3 Qe8
9.a3 a5 10.Bd2 Na6 11.O-O Qh5 12.Nh2 Bxg2 13.Kxg2 g5 14.f3 Kh8 15.e4 f4 16.g4 Qg6
17.Be1 h5 18.Bf2 Kg7 19.Rh1 Rh8 20.e5 Ne8 21.Qe2 hxg4 22.Nxg4 Nc5 23.Rad1 Kf7
24.d4 Na6 25.Ne4 Ng7 26.Nef6 d6 27.d5 Nc5 28.Bxc5 bxc5 29.Nd7 Qf5 30.exd6 cxd6
31.dxe6+ Qxe6 32.Qc2 Qf5 33.Qe2 Rae8 34.Qd3 Qxd3 35.Rxd3 Nf5 36.Re1 Bd8 37.Re4 Rxe4
38.fxe4 Nd4 39.e5 Ke6 40.Ndf6 dxe5 41.Nd5 Kf5 42.Rd1 Rh7 43.Rb1 e4 44.b4 f3+
45.Kf2 axb4 46.axb4 cxb4 47.Rxb4 Rxh3 48.Nde3+ Kg6 49.Rb8 Bc7 50.Rg8+ Kf7  0-1

[Event "ch-GRE"]
[Site "Athens GRE"]
[Date "2002.12.01"]
[Round "4"]
[White "Mastrovasilis,A"]
[Black "Simeonidis,I"]
[Result "1-0"]
[WhiteElo "2452"]
[BlackElo "2329"]

1.c4 b6 2.Nf3 Bb7 3.b3 e6 4.Bb2 Nf6 5.e3 c5 6.Be2 Be7 7.O-O O-O 8.d4 cxd4
9.Nxd4 a6 10.Nc3 Qc7 11.Rc1 d6 12.f4 Nbd7 13.f5 e5 14.Nc2 Rfc8 15.a4 Qd8
16.Bf3 e4 17.Be2 d5 18.cxd5 Ne5 19.Nxe4 Nxe4 20.Bxe5 Bxd5 21.Bf3 Bg5 22.Qd3 Bf6
23.Bxf6 Nxf6 24.Bxd5 Qxd5 25.Nd4 Re8 26.h3 h5 27.Rf3 Re4 28.Rc3 Rae8 29.Nc2 Qe5
30.Rc4 Qb2 31.Qc3 Qxc3 32.Rxc3 Nd5 33.Rd3 Nb4 34.Nxb4 Rxb4 35.Kf2 Re5 36.Ke2 b5
37.a5 Rbe4 38.Rd8+ Kh7 39.Rd7 Kg8 40.Rd8+ Kh7 41.Kd3 Rb4 42.Kc3 Rbe4 43.Kd3 Rb4
44.Kc3 Rbe4 45.Rd6 Rxe3+ 46.Rxe3 Rxe3+ 47.Kb4 Re2 48.Rxa6 Rxg2 49.Rb6 h4
50.a6 Ra2 51.Kxb5 g5 52.fxg6+ fxg6 53.Rc6 Kh6 54.Rc4 Kg5 55.Ra4  1-0

[Event "26th Christmas Open Masters"]
[Site "Zurich SUI"]
[Date "2002.12.29"]
[Round "6"]
[White "Moor,R"]
[Black "Bauer,Ch"]
[Result "0-1"]
[WhiteElo "2400"]
[BlackElo "2562"]

1.c4 b6 2.Nf3 Bb7 3.g3 f5 4.Bg2 Nf6 5.O-O g6 6.b4 e6 7.Qb3 Na6 8.a3 c5 9.Bb2 Bg7
10.d3 O-O 11.Nbd2 Qe7 12.b5 Nc7 13.a4 d6 14.a5 e5 15.Nh4 e4 16.dxe4 fxe4
17.axb6 axb6 18.Rxa8 Bxa8 19.Bh3 d5 20.Bxf6 Qxf6 21.Ng2 Qg5 22.Qe3 Qxe3 23.Nxe3 Bh6
24.cxd5 Bxe3 25.fxe3 Rxf1+ 26.Kxf1 Bxd5 27.Bd7 Kf7 28.Bc6 Ke6 29.Nxe4 Bxe4
30.Bxe4 Nxb5 31.h4 Nd6 32.Bc2 b5 33.h5 gxh5 34.Bxh7 Kf6 35.Ke1 Nf5 36.Kf2 c4
37.e4 c3  0-1

[Event "FSIMB Feb"]
[Site "Budapest HUN"]
[Date "2003.02.02"]
[Round "2"]
[White "Gonda,L"]
[Black "Papp,Ge"]
[Result "1-0"]
[WhiteElo "2317"]
[BlackElo "2368"]

1.c4 b6 2.d4 e6 3.a3 Bb7 4.Nc3 f5 5.d5 Nf6 6.g3 Bd6 7.Bg2 Na6 8.Nh3 Nc5 9.O-O O-O
10.Qc2 Be5 11.Rd1 Qe8 12.Be3 Nce4 13.Nxe4 fxe4 14.dxe6 Qxe6 15.Ng5 Qf5 16.f4 Bd6
17.Bd4 Bc5 18.e3 h6 19.Nh3 Ng4 20.Qc3 a5 21.Nf2 Nxf2 22.Kxf2 Bxd4 23.Qxd4 d6
24.b4 axb4 25.axb4 Rxa1 26.Rxa1 Ra8 27.Rxa8+ Bxa8 28.Qa1 Bb7 29.Qa7 Qc8 30.Ke1 d5
31.cxd5 Bxd5 32.Qa1 c5 33.Qe5 Qa8 34.bxc5 bxc5 35.Qc3 c4 36.Bf1 Qa6 37.Be2 Qb5
38.Kd2 Qa4 39.Bd1 Qb5 40.Bc2 Qc5 41.g4 Be6 42.h3 Bd5 43.Qe5 Qa5+ 44.Kd1 Qd8
45.Qd4 Qa8 46.h4 Qc6 47.Kd2 Kf7 48.h5 g6 49.hxg6+ Kxg6 50.Qe5 Kf7 51.Kc3 Qd7
52.f5 Kg8 53.Bxe4 Bf7 54.Qd4 Qc7 55.Bd5 Qa5+ 56.Kxc4 Qa2+ 57.Kc5 Qa7+ 58.Kb5 Qb8+
59.Kc4 Qc8+ 60.Kd3 Qa6+ 61.Ke4 Qe2 62.Bxf7+ Kxf7 63.Qd7+ Kf6 64.Qe6+ Kg5
65.Qg6+ Kh4 66.Qxh6+ Kg3 67.Qf4+ Kg2 68.f6 Qc4+ 69.Kf5 Qd5+ 70.Qe5 Qd7+ 71.Kg6 Kh1
72.Qe4+ Kg1 73.f7  1-0

[Event "10th Metalis Open"]
[Site "Bizovac CRO"]
[Date "2003.03.02"]
[Round "8"]
[White "Saric,A"]
[Black "Djurkovic,M"]
[Result "1-0"]
[WhiteElo "2350"]
[BlackElo "2098"]

1.c4 b6 2.d4 Bb7 3.Nc3 e6 4.Nf3 Bb4 5.Qc2 Nf6 6.a3 Bxc3+ 7.Qxc3 Ne4 8.Qc2 O-O
9.e3 d6 10.Be2 Nd7 11.O-O f5 12.Ne1 a5 13.f3 Nef6 14.b3 g6 15.Bd2 Qe7 16.Rb1 e5
17.d5 Nh5 18.Qc3 f4 19.e4 Rf7 20.Bd1 g5 21.Nd3 Rg7 22.b4 axb4 23.axb4 Bc8
24.c5 bxc5 25.bxc5 Ndf6 26.Nf2 g4 27.fxg4 Bxg4 28.Nxg4 Nxg4 29.cxd6 Qh4 30.Bxg4 Qxg4
31.Rf2 cxd6 32.Qc6 Rd8 33.Ba5 Rdd7 34.Qc8+ Kf7 35.h3 Qxh3 36.Rb8 Qg4 37.Qe8+ Kf6
38.Bd8+ Rde7 39.Bxe7+ Rxe7 40.Qf8+ Kg6 41.Qxe7  1-0

[Event "1st Festival"]
[Site "Nancy FRA"]
[Date "2003.03.07"]
[Round "7"]
[White "Sarakauskas,G"]
[Black "Taddei,B"]
[Result "1-0"]
[WhiteElo "2380"]
[BlackElo "2320"]

1.c4 b6 2.Nc3 Bb7 3.d4 e6 4.Nf3 f5 5.d5 Nf6 6.a3 a5 7.g3 Na6 8.Bg2 g6 9.O-O Bg7
10.d6 c5 11.Nh4 Bxg2 12.Nxg2 O-O 13.f3 Nb8 14.Nb5 Nc6 15.Bd2 Rb8 16.Bc3 g5
17.h3 Qe8 18.Qd2 Qg6 19.Rae1 Rf7 20.Qd3 Nh5 21.g4 Ng3 22.gxf5 Nxf5 23.Kh2 Rbf8
24.Rg1 Ne5 25.Qe4 Nd4 26.Qxg6 Nxg6 27.Ne3 h6 28.Rg4 Nf4 29.Bxd4 cxd4 30.Ng2 Nxg2
31.Kxg2 d3 32.h4 gxh4 33.Nd4 Kh7 34.exd3 Bxd4 35.Rxd4 Rxf3 36.b4 axb4 37.axb4 Rg3+
38.Kh1 Rh3+ 39.Kg2 Rg3+ 40.Kh1 h3 41.c5 bxc5 42.bxc5 Rf2 43.Rg1 Rxg1+ 44.Kxg1 h2+
45.Kh1 Rc2 46.Rc4 Rd2 47.c6 dxc6 48.Rd4 c5 49.d7 cxd4 50.d8=Q Rxd3 51.Qe7+ Kh8
52.Qxe6 Re3 53.Qxh6+ Kg8 54.Qd6 Kf7 55.Qxd4 Re6 56.Kxh2 Rg6 57.Kh3 Rg7 58.Kh4 Kg8
59.Kh5 Rh7+ 60.Kg6  1-0

[Event "57th ch-POL w"]
[Site "Sroda Wlkp POL"]
[Date "2003.03.09"]
[Round "11"]
[White "Pokojska,D"]
[Black "Radziewicz,I"]
[Result "0-1"]
[WhiteElo "2084"]
[BlackElo "2433"]

1.c4 b6 2.Nc3 e6 3.d4 Bb4 4.Qb3 a5 5.a3 a4 6.Qc2 Bxc3+ 7.Qxc3 Nf6 8.Bg5 Bb7
9.Nf3 d6 10.e3 Nbd7 11.Be2 Ra5 12.Bxf6 gxf6 13.Nd2 Bxg2 14.Rg1 Bb7 15.O-O-O Rg5
16.Rxg5 fxg5 17.c5 Nf6 18.cxb6 cxb6 19.Qb4 Ke7 20.Qxa4 Qc7+ 21.Kb1 Rc8 22.Bd3 Ng4
23.Be2 Nxf2 24.Rf1 Ne4 25.Nxe4 Bxe4+ 26.Ka2 Bd5+ 27.Kb1 Be4+ 28.Ka2 Qc2 29.Qxc2 Rxc2
30.Re1 f5 31.h3 h5 32.Bxh5 Bd5+ 33.Kb1 Rh2 34.Rg1 Kf6 35.Rg3 Be4+ 36.Ka2 Rg2
37.Rxg2 Bxg2 38.Kb3 Bxh3 39.Bf3 g4 40.Bh1 Bf1 41.Kb4 g3  0-1

[Event "Jch-RUS b20"]
[Site "Essentuki RUS"]
[Date "2003.03.12"]
[Round "10"]
[White "Dudukin,Ilya"]
[Black "Janturin,A"]
[Result "1/2-1/2"]
[WhiteElo "2333"]
[BlackElo "2411"]

1.c4 b6 2.Nc3 Bb7 3.e4 e6 4.Bd3 c5 5.Nge2 Nc6 6.Bc2 Nd4 7.Nxd4 cxd4 8.Ne2 Qc7
9.d3 Bb4+ 10.Bd2 Bxd2+ 11.Qxd2 e5 12.Qg5 g6 13.O-O f6 14.Qg3 d6 15.f4 Kf7
16.Rf2 Qe7 17.Raf1 Kg7 18.Qh4 Rf8 19.Ng3 Bc6 20.Qg4 Bd7 21.f5 g5 22.Nh5+ Kf7
23.b4 Rc8 24.Bb3 Kf8 25.a4 Be8 26.Qd1 Bxh5 27.Qxh5 Qe8 28.Qd1 a5 29.Qd2 Qd8
30.c5 dxc5 31.bxa5 bxa5 32.Be6 Rb8 33.Rc1 Ne7 34.Rxc5 Rb4 35.Qd1 h5 36.Rfc2 Qb6
37.Rc1 Rb2 38.Qe1 Kg7 39.Qxa5 Qxa5 40.Rxa5 Rbb8 41.Ra7 Kf8 42.Rcc7 g4 43.Rxe7 h4
44.Rf7+ Ke8 45.Rfe7+ Kf8  1/2-1/2

[Event "FSGM April"]
[Site "Budapest HUN"]
[Date "2003.04.05"]
[Round "1"]
[White "Dub,Z"]
[Black "Papp,Ge"]
[Result "1-0"]
[WhiteElo "2377"]
[BlackElo "2368"]

1.c4 b6 2.Nc3 Bb7 3.e4 e6 4.a3 c5 5.Nf3 d6 6.d4 cxd4 7.Nxd4 Nf6 8.Qe2 Be7
9.g4 Nc6 10.Nxc6 Bxc6 11.Bg2 O-O 12.O-O Rc8 13.f4 Nd7 14.Be3 Qc7 15.Rac1 Qb7
16.b4 Qa8 17.g5 Bb7 18.Bd2 a6 19.Rf3 Rc7 20.Rh3 Rfc8 21.Nd1 b5 22.Rhc3 bxc4
23.Rxc4 Rxc4 24.Rxc4 Nb6 25.Rxc8+ Qxc8 26.Ne3 e5 27.Nf5 Bf8 28.Qd3 Qc4 29.Qxc4 Nxc4
30.Bc1 exf4 31.Bxf4 Nxa3 32.Bxd6 Bxd6 33.Nxd6 Bc6 34.Bf1 Nb5 35.Nxb5 axb5
36.Kf2 Kf8 37.Ke3 Ke7 38.Kd4 f6 39.gxf6+ gxf6 40.e5 fxe5+ 41.Kxe5 Kd7 42.Bh3+ Ke7
43.Be6 Bf3  1-0

[Event "FSGM April"]
[Site "Budapest HUN"]
[Date "2003.04.08"]
[Round "4"]
[White "McDonald,N"]
[Black "Erdos,V"]
[Result "1-0"]
[WhiteElo "2392"]
[BlackElo "2425"]

1.c4 b6 2.Nc3 Bb7 3.Nf3 e6 4.g3 Bxf3 5.exf3 c5 6.d4 cxd4 7.Qxd4 Nc6 8.Qd1 Rc8
9.Bf4 Bb4 10.Rc1 Nge7 11.a3 Bxc3+ 12.Rxc3 d5 13.cxd5 Nxd5 14.Rxc6 Rxc6 15.Bb5 Qd7
16.Qa4 Ne7 17.O-O O-O 18.Rd1 Qb7 19.Bxc6 Nxc6 20.Qe4 Rd8 21.Rc1 Rd5 22.Qa4 Rc5
23.Rxc5 bxc5 24.Be3 h6 25.f4 Qd7 26.Bxc5 e5 27.Qe4 exf4 28.b4 fxg3 29.hxg3 a6
30.Kh2 Qc8 31.a4 Qd7 32.b5 axb5 33.axb5 Nd8 34.b6 Nb7 35.Bb4 Nd8 36.Bc3 Nb7
37.Qe5 f6 38.Qe4 Kf7 39.Qc4+ Kg6 40.Bb4 Qf5 41.Kg2 Qd7 42.Kh2 Qf5 43.Kg1 Qd7
44.Bf8 Qd1+ 45.Kg2 Qd7 46.Qc7 Qf7 47.Kh2 h5 48.Qc6 Kh7 49.Bd6 Qa2 50.Qe4+ Kh6
51.Bf4+ g5 52.Be3 Qf7 53.Qf5 Kg7 54.Bd4 Qg6 55.Qd5 Qf7 56.Qxg5+  1-0

[Event "FSGM April"]
[Site "Budapest HUN"]
[Date "2003.04.08"]
[Round "4"]
[White "Czebe,A"]
[Black "Papp,Ge"]
[Result "0-1"]
[WhiteElo "2471"]
[BlackElo "2362"]

1.c4 b6 2.d4 e6 3.e4 Bb7 4.Nc3 Bb4 5.Bd3 f5 6.Qh5+ g6 7.Qe2 Nf6 8.f3 Nc6
9.Qf2 Qe7 10.e5 Bxc3+ 11.bxc3 Nh5 12.f4 O-O-O 13.Nf3 d6 14.Be2 Na5 15.O-O Qd7
16.Be3 Qa4 17.Nd2 Kb8 18.Rfb1 dxe5 19.fxe5 f4 20.Bxf4 Rdf8 21.Bxh5 gxh5 22.d5 Rhg8
23.Ne4 Qxc4 24.Rb4 Qxd5 25.Rd4 Qc6 26.Rf1 Nc4 27.Qe2 b5 28.Rf2 Rd8 29.Nf6 Rxd4
30.cxd4 Rd8 31.d5 Qb6 32.dxe6 Qxe6 33.Qxh5 a5 34.h3 a4 35.Qxh7 b4 36.Qc2 Nb6
37.Rd2 Rxd2 38.Qxd2 b3 39.axb3 axb3 40.Qb4 Qc6 41.Qd2 Nc4 42.Qd8+ Ka7 43.Qd4+ Ka6
44.Qa1+ Kb5 45.Qf1 b2  0-1

[Event "Classics IM"]
[Site "Gausdal NOR"]
[Date "2003.04.09"]
[Round "9"]
[White "Saevareid,O"]
[Black "Hoogendoorn,J"]
[Result "1-0"]
[WhiteElo "2136"]
[BlackElo "2429"]

1.c4 b6 2.Nc3 Bb7 3.e4 c5 4.g3 d6 5.Bg2 Nd7 6.Nge2 e6 7.O-O Ngf6 8.d3 Qc7
9.h3 Be7 10.Be3 Rd8 11.g4 O-O 12.Ng3 a6 13.g5 Ne8 14.f4 Qb8 15.Qe2 Nc7 16.Rad1 Rfe8
17.Bc1 b5 18.Qg4 Bf8 19.Qh4 d5 20.cxd5 exd5 21.Nxd5 Nxd5 22.exd5 Qa8 23.Be4 g6
24.f5 Bxd5 25.fxg6 fxg6 26.Rf7 Bxf7 27.Bxa8 Rxa8 28.Ne4 Bd5 29.b3 Re6 30.Bb2 Rae8
31.Qg4 c4 32.bxc4 bxc4 33.Nc3 Ne5 34.Qg3 Nf3+ 35.Kf2 Bc5+ 36.d4 Nxd4 37.Nxd5 Nf3+
38.Kg2 Re2+ 39.Kxf3 R2e3+ 40.Kf4 Rxg3  1-0

[Event "FSGM April"]
[Site "Budapest HUN"]
[Date "2003.04.12"]
[Round "8"]
[White "Hoffmann,Mi"]
[Black "Kraai,J"]
[Result "1-0"]
[WhiteElo "2435"]
[BlackElo "2454"]

1.c4 b6 2.d4 e6 3.a3 Bb7 4.Nc3 f5 5.d5 Nf6 6.g3 Na6 7.Bg2 Nc5 8.Nh3 Bd6 9.O-O Be5
10.Qc2 O-O 11.Rd1 Qe7 12.Be3 Nce4 13.Nxe4 fxe4 14.Ng5 exd5 15.cxd5 Bxd5 16.Rxd5 Nxd5
17.Bxe4 Nxe3 18.Bd5+  1-0

[Event "41st Doeberl Cup"]
[Site "Canberra AUS"]
[Date "2003.04.18"]
[Round "2"]
[White "Johansen,D"]
[Black "Charles,G"]
[Result "1-0"]
[WhiteElo "2503"]
[BlackElo "2160"]

1.c4 b6 2.Nf3 Bb7 3.g3 Bxf3 4.exf3 c5 5.d4 cxd4 6.Qxd4 Nc6 7.Qd2 Nf6 8.Nc3 e6
9.Bg2 Bc5 10.O-O O-O 11.b3 Rc8 12.f4 Qc7 13.Bb2 Rfd8 14.Rac1 Qb8 15.Ne4 Nxe4
16.Bxe4 d5 17.cxd5 exd5 18.Bf5 Rc7 19.a3 a5 20.Rc2 Re7 21.Qd3 h6 22.Rd1 Qd6
23.Qf3 Ree8 24.Rcd2 Ne7 25.Be4 Qc6 26.Qg4 g6 27.f5 Rd6 28.fxg6 fxg6 29.Bg2 Qd7
30.Qe2 Nf5 31.Qg4 h5 32.Qg5 d4 33.Bf1 Kh7 34.Bd3 Re5 35.Qf4 Rde6 36.Qf3 Re1+
37.Rxe1 Rxe1+ 38.Kg2 b5 39.Bc4 Re7 40.Bd5 b4 41.a4 Re5 42.Bc4 Re1 43.Re2 Rxe2
44.Qxe2 h4 45.Qe4 hxg3 46.hxg3 Qe7 47.Qd5 Qf8 48.Bc1 Nh6 49.Bf4 d3 50.Bxd3 Ng4
51.Qh5+ Kg8 52.Qxg4 Qa8+ 53.Kh2 Qc6 54.Bxg6 Bxf2 55.Be8+  1-0

[Event "XXI Open"]
[Site "Metz FRA"]
[Date "2003.04.20"]
[Round "2"]
[White "Agrest,E"]
[Black "Keller,C"]
[Result "1-0"]
[WhiteElo "2591"]
[BlackElo "2180"]

1.c4 b6 2.Nc3 e6 3.Nf3 Bb7 4.e4 Bb4 5.Bd3 Ne7 6.Ne2 Ng6 7.Bc2 O-O 8.a3 Be7
9.d4 f5 10.exf5 Nh4 11.Nxh4 Bxh4 12.O-O exf5 13.d5 a5 14.Nd4 g6 15.Bh6 Rf7
16.Qd2 Bf6 17.Rae1 Na6 18.Re3 Bg7 19.Bxg7 Kxg7 20.f4 Qf8 21.Rfe1 Kg8 22.Kh1 c6
23.Nf3 cxd5 24.Ne5 Rg7 25.cxd5 Nc7 26.d6 Ne6 27.Nxd7 Rxd7 28.Rxe6 Rad8 29.Bb3 Kh8
30.Qd4+ Rg7 31.Re7 Rb8 32.Rf7  1-0

[Event "XXI Open"]
[Site "Metz FRA"]
[Date "2003.04.22"]
[Round "4"]
[White "Veron,C"]
[Black "Wohl,A"]
[Result "0-1"]
[WhiteElo "2106"]
[BlackElo "2401"]

1.c4 b6 2.Nf3 Bb7 3.g3 e6 4.Bg2 f5 5.O-O Nf6 6.Nc3 Bb4 7.Qb3 Nc6 8.a3 Be7
9.d3 O-O 10.Qc2 Qe8 11.b4 Qh5 12.b5 Nd8 13.a4 Nf7 14.a5 e5 15.e4 fxe4 16.Nxe4 Nxe4
17.dxe4 Bc5 18.Ba3 d6 19.Bxc5 dxc5 20.axb6 axb6 21.Rxa8 Bxa8 22.Re1 Bb7 23.Nd2 Ng5
24.f3 Rd8 25.Ra1 Qh6 26.Nf1 Qd6 27.Rc1 Bc8 28.h4 Ne6 29.Ne3 Nd4 30.Qd1 Qh6
31.Rc3 Be6 32.Ra3 g5 33.hxg5 Qxg5 34.Qe1 Rf8 35.Qf2 h5 36.Rc3 Rf7 37.Nd5 Bxd5
38.exd5 Rg7 39.Kh2 h4 40.g4 Qf4+ 41.Kg1 e4 42.fxe4 Qxg4 43.Kh2 Rf7 44.Qe3 Ne2
45.Rc2 Qg3+ 46.Qxg3+ hxg3+ 47.Kh3 Rf2 48.Rxe2 Rxe2 49.Kxg3 Kg7 50.Kf3 Rc2
51.Bf1 Kf6 52.Ke3 Ke5 53.Be2 Rxe2+  0-1

[Event "XXI Open"]
[Site "Metz FRA"]
[Date "2003.04.24"]
[Round "6"]
[White "Taddei,B"]
[Black "Staeger,P"]
[Result "1-0"]
[WhiteElo "2313"]
[BlackElo "2101"]

1.c4 b6 2.e4 Bb7 3.Nc3 e6 4.d4 Bb4 5.Bd3 Nc6 6.Be3 d6 7.Ne2 Nge7 8.O-O Bxc3
9.Nxc3 Qd7 10.a3 O-O-O 11.f4 f5 12.d5 Nb8 13.Nb5 Na6 14.dxe6 Qxe6 15.Nd4 Qg6
16.b4 Rhf8 17.Ra2 fxe4 18.Be2 Kb8 19.Bg4 Bc8 20.Bxc8 Rxc8 21.f5 Qf7 22.Bg5 c5
23.Ne6 Nxf5 24.Nxf8 Rxf8 25.Raf2 Qe6 26.g4 Qg6 27.Rxf5  1-0

[Event "XXI Open"]
[Site "Metz FRA"]
[Date "2003.04.26"]
[Round "8"]
[White "Wiley,To"]
[Black "Staeger,P"]
[Result "1-0"]
[WhiteElo "2319"]
[BlackElo "2101"]

1.c4 b6 2.d4 e6 3.a3 d5 4.Nc3 Bb7 5.cxd5 exd5 6.Nf3 a6 7.g3 Nf6 8.Bg2 Nbd7
9.O-O Be7 10.b4 O-O 11.Qb3 Re8 12.Bb2 Nf8 13.a4 Rc8 14.b5 a5 15.e3 Ng6 16.Rac1 Qd6
17.Rc2 Ne4 18.Rfc1 Qd7 19.Ba3 Bxa3 20.Qxa3 Nxc3 21.Rxc3 c5 22.dxc5 Rxc5 23.Rxc5 bxc5
24.Rxc5 Re4 25.Nd4 Re5 26.Qc3  1-0

[Event "XXI Open"]
[Site "Metz FRA"]
[Date "2003.04.27"]
[Round "9"]
[White "Wohl,A"]
[Black "Sulava,N"]
[Result "0-1"]
[WhiteElo "2401"]
[BlackElo "2516"]

1.c4 b6 2.Nc3 e6 3.e4 Bb7 4.Nf3 Bb4 5.Bd3 Ne7 6.O-O O-O 7.e5 Ng6 8.Be4 Nc6
9.d4 Bxc3 10.bxc3 Na5 11.Bxb7 Nxb7 12.Ng5 h6 13.Ne4 d6 14.f4 c5 15.Be3 d5
16.cxd5 Qxd5 17.Ng3 cxd4 18.cxd4 f5 19.exf6 Rxf6 20.Qg4 Ne7 21.Rac1 Raf8
22.Rc7 R8f7 23.Nh5 Rg6 24.Qf3 Nf5 25.Rc8+ Kh7 26.Qxd5 exd5 27.Bf2 Nbd6 28.Rd8 Rc7
29.h3 Rc3 30.Kh2 Rc2 31.g4 Ne3 32.Kg1 Nxf1 33.Kxf1 Ne4 34.Be1 Rgc6 35.Rd7 Rc7
36.Rxd5 Rxa2 37.f5 Rc1  0-1

[Event "Golden Cleopatra"]
[Site "Cairo EGY"]
[Date "2003.06.02"]
[Round "2"]
[White "Abo Zekry,M"]
[Black "Belezky,S"]
[Result "0-1"]
[WhiteElo "2184"]
[BlackElo "2403"]

1.c4 b6 2.Nf3 Bb7 3.Nc3 Nf6 4.d3 c5 5.e4 d6 6.g3 g6 7.Bg2 Bg7 8.O-O O-O 9.Rb1 Nc6
10.a3 Ne8 11.Be3 Nd4 12.Ne2 e5 13.Nexd4 cxd4 14.Bg5 Bf6 15.Bxf6 Qxf6 16.b4 Qe7
17.Re1 Ng7 18.Qd2 Rac8 19.Qh6 f6 20.a4 Bc6 21.a5 b5 22.Rbc1 Rb8 23.c5 dxc5
24.Rxc5 Bd7 25.Rc7 Rf7 26.Qd2 Ra8 27.Rec1 Ne6 28.R7c2 Nd8 29.Rc7 Ne6 30.R7c2 Nd8
31.Rc7 Qd6 32.R7c5 Nb7 33.Rc7 Nd8 34.R7c5 Nb7 35.Rc7 Be8 36.R7c2 Qe6 37.h4 Re7
38.Kh2 Bd7 39.Rc7 Nd6 40.Ng1 Ne8 41.R7c5 Qb3 42.Bh3 Bxh3 43.Nxh3 Rb8 44.Kg2 Rbb7
45.f4 Kg7 46.fxe5 fxe5 47.Ng5 Nf6 48.Rc6 h6 49.Nf3 Ng4 50.h5 gxh5 51.Nh4 Ne3+
52.Kh3 Qf7 53.Nf5+ Nxf5 54.Rf1 Qe8 55.exf5 Qxc6 56.f6+ Kh7 57.fxe7 Rxe7 58.Qf2 Qg6
59.Qf8 Rg7 60.Qf5 Qxf5+ 61.Rxf5 Re7 62.Kg2 Kg6 63.Rf8 Rf7 64.Rb8 a6 65.Rg8+ Kf5
66.Ra8 Rf6 67.Kf3 Rg6 68.Rf8+ Rf6 69.Re8 Rg6 70.Rf8+ Ke6 71.Re8+ Kd5 72.Rd8+ Rd6
73.Rf8 e4+ 74.dxe4+ Ke6 75.Ke2 d3+ 76.Kd2 Ke5 77.Re8+ Kd4 78.e5 Rc6 79.Rd8+ Kxe5
80.Kxd3 Rg6 81.Re8+ Kd5 82.Rd8+ Kc6 83.Rb8 Kc7 84.Rf8 Rxg3+ 85.Kd4 Rg6 86.Kd5 h4
87.Rf7+ Kd8 88.Rf4 Ke7 89.Rxh4 Kf6 90.Rh1 Kg7 91.Kc5 Rf6 92.Rg1+ Kf7 93.Rh1 Kg6
94.Rg1+ Kf5 95.Rf1+ Kg5 96.Rg1+ Kh4 97.Rg7 h5 98.Rd7 Kg5 99.Rg7+ Rg6 100.Rd7 h4
101.Rd5+ Kg4 102.Rd4+ Kg3 103.Rd3+ Kg2 104.Rd2+ Kf3 105.Rd3+ Kf2 106.Rd2+ Ke3
107.Rd8 Rh6 108.Re8+ Kd3 109.Rd8+ Kc3 110.Rf8 h3 111.Rf3+ Kd2 112.Kd4 h2  0-1

[Event "25th Open"]
[Site "Oberwart AUT"]
[Date "2003.07.10"]
[Round "6"]
[White "Fucak,E"]
[Black "Chatalbashev,B"]
[Result "1/2-1/2"]
[WhiteElo "2282"]
[BlackElo "2509"]

1.c4 b6 2.Nc3 Bb7 3.e4 e6 4.Nge2 Nf6 5.d3 c5 6.g3 h5 7.Bg2 h4 8.h3 hxg3 9.fxg3 Nc6
10.O-O Bd6 11.Nb5 Be5 12.Bf4 d6 13.g4 a6 14.Nbc3 Nd7 15.Qd2 Qh4 16.Bg5 Qh7
17.Rf2 Nd4 18.Rb1 f6 19.Bf4 Bxf4 20.Nxf4 Qh6 21.b4 O-O 22.Nce2 Nc6 23.Qd1 e5
24.Nd5 cxb4 25.Nxb4 Nxb4 26.Rxb4 Qe3 27.d4 Qa3 28.Ra4 Qb2 29.dxe5 Qxe5 30.Rf5 Qe8
31.Rb4 Bxe4 32.Bxe4 Qxe4 33.Qd5+ Qxd5 34.Rxd5 Rfe8 35.Nf4 Re1+ 36.Kf2 Ra1
37.Rxd6 Rxa2+ 38.Kg3 Ra7 39.Nd5 b5 40.Rc6 Ne5 41.cxb5 Nxc6 42.bxc6 Rc2 43.c7 Kf7
44.Rb8 Ke6 45.Rd8 Raxc7 46.Nxc7+ Rxc7 47.Re8+ Kd5 48.Ra8 Rc6 49.h4 Kc5 50.Ra7 g6
51.h5 gxh5  1/2-1/2

[Event "Women's"]
[Site "Saint Lo FRA"]
[Date "2003.07.10"]
[Round "2"]
[White "Mihajlovskij,S"]
[Black "Tagnon,N"]
[Result "1-0"]
[WhiteElo "2411"]
[BlackElo "2071"]

1.c4 b6 2.Nc3 c5 3.Nf3 Bb7 4.g3 Bxf3 5.exf3 Nc6 6.Bg2 g6 7.O-O Bg7 8.f4 Rc8
9.Qa4 Qc7 10.Rb1 e6 11.Nb5 Qb8 12.b4 cxb4 13.Bxc6 Rxc6 14.Rxb4 a5 15.Rb3 Ne7
16.Ba3 Nf5 17.d4 Nxd4 18.Nxd4 Bxd4 19.Rd1 Bc5 20.Bxc5 Rxc5 21.Qxd7+ Kf8 22.Qd4 Ke7
23.Rdb1 Qd8 24.Qe3 Qd7 25.Rxb6 Rhc8 26.Rb7 R8c7 27.Rb8 Rc8 28.R1b7 R5c7 29.Rxc8 Qxc8
30.Qc5+ Kd7 31.Rxc7+ Qxc7 32.Qxc7+ Kxc7 33.Kf1 Kc6 34.Ke2 Kc5 35.Kd3 f6 36.Kc3 e5
37.fxe5 fxe5 38.f4 e4 39.g4 a4 40.f5 gxf5 41.gxf5 Kd6 42.Kd4 e3 43.c5+ Kc6
44.Kxe3 Kxc5 45.Ke4 Kd6 46.a3 h6 47.Kd4 h5 48.h4 Ke7 49.Ke5 Kf7 50.f6 Kf8
51.Kf5  1-0

[Event "Inline Czechia Cup"]
[Site "Olomouc CZE"]
[Date "2003.07.30"]
[Round "1"]
[White "Ptacnikova,L"]
[Black "Vyskocil,N"]
[Result "1-0"]
[WhiteElo "2215"]
[BlackElo "2375"]

1.c4 b6 2.Nc3 Bb7 3.e4 e6 4.Nge2 c5 5.g3 Nc6 6.Bg2 Nge7 7.O-O Nd4 8.Nxd4 cxd4
9.Ne2 Nc6 10.d3 Be7 11.f4 O-O 12.a3 d6 13.b4 e5 14.g4 Bh4 15.Rf3 Bc8 16.f5 Bg5
17.Rh3 Bd7 18.Rh5 f6 19.Bxg5 fxg5 20.Qd2 Be8 21.Rh3 Nb8 22.Rf3 Nd7 23.Rff1 h6
24.Bf3 Bf7 25.Kg2 a6 26.Ng3 b5 27.Rfc1 Qb6 28.Bd1 bxc4 29.dxc4 Rfc8 30.Bb3 Qb7
31.Rab1 Nf6 32.Kf3 Rc7 33.Qd3 Rac8 34.Rc2 Kh7 35.Rbc1 a5 36.b5 Nd7 37.Qd2 Nc5
38.Ba2 Qb6 39.Rh1 Nd7 40.Rhc1 Qa7 41.Qd3 Nc5 42.Qd2 Na4 43.Ne2 Rc5 44.Bb3 Nb6
45.h4 Bxc4 46.Bxc4 Nxc4 47.Rxc4 Rxc4 48.Rxc4 Rxc4 49.hxg5 Qc7 50.gxh6 gxh6
51.g5 Rc2 52.g6+ Kg7 53.Qe1 Qd8 54.Qb1 Rc8 55.Qb3 Rc7 56.b6 Rb7 57.Ng3 Qg5
58.Qd5  1-0